00948cam a2200217 450000500170000000800410001702000150005805000210007324501450009425000220023926000710026130000280033250400210036065000750038165100470045670000310050370000310053494200130056599900170057895201350059520170531144229.0080519r2003 mx a 000 0 spa u a970350289X04aF1210 bO53 200305a¡Las Once y serenooo! :bTipos Mexicanos, siglo XIX /cIntrod., selec., e investigación iconográfica Cristina Barros, Marco Buenrostro. a1a ed.b1a reimp. aMéxico D.F. : bCONACULTA, Fondo de Cultura Económica, cr2003 a130 p.. bil. ;c29 cm. aIncluye glosario 72LembaIconográfia xVida social y costumbres ySiglo XIX zMéxico  72LembaMéxico xVida social y costumbres 1 aBarros, Cristina, ecolab.1 aBuenrostro Marco, ecolab. 2lcccLIB c73317d73317 102lcc4070aINV-033bINV-033cGENERALd2017-03-31f1a ed.iHkCSAoF1210 053 R2003 pIIH000000213r2017-03-31 00:00:00tC:1yLIB